| 000 | 00879 a2200229 4500 | ||
|---|---|---|---|
| 003 | UA-OsUOA | ||
| 005 | 20260317095638.0 | ||
| 008 | 260311b un ||||| |||| 00| 0 ukr d | ||
| 020 | _a0920073042 | ||
| 040 |
_aUA-OsUOA _beng _cUA-OsUOA _dUA-OsUOA |
||
| 041 | _aeng | ||
| 080 | _a82-94 | ||
| 090 |
_a82-94 _bH41 |
||
| 100 |
_aHay-Holowko O. _924412 |
||
| 245 |
_aDuel with the Devil _cOleksa Hay-Holowko |
||
| 260 |
_c1986 _aWinnipeg |
||
| 300 | _a236 p. | ||
| 650 |
_2UDC _a82-94 Історія як літературний жанр. Історичні твори. Історіографія. Хроніки. Аннали, літописи. Мемуари. Спогади. Щоденники. Біографії. Автобіографії _92061 |
||
| 942 |
_cBK _2udc |
||
| 955 | _a4 | ||
| 999 |
_c580050 _d580050 |
||